PEDIATRIC dentistry infancy through adolescence

Saved in:
Bibliographic Details
Format: Book
Language:English
Published: Elsevier 2013
Tags: Add Tag
No Tags, Be the first to tag this record!

MARC

LEADER 00000nam a22000007a 4500
008 201215b ||||| |||| 00| 0 eng d
020 |a 978-0-323-08546-5 
245 |a PEDIATRIC dentistry  |b infancy through adolescence  |c edited by Paul S. Casamassimo… [et al.].  |g  x, 638p.; ill 
250 |b 5th ed.  |c Casamassimo, P. S. [et al.] 
260 |b Elsevier  |c 2013  |h St. Louis, Missouri  |i 685083  |l RK55 .P34  |m Dental care for children.  |m Pediatric dentistry. 
500 |a It includes bibliographical references and index 
942 |a lcc  |c BK  |e ADEYEYE Y. S.  |f 15/12/2020 
952 |0 0  |1 0  |2 lcc  |4 0  |6 RK0055 P34  |7 0  |9 522  |a HOL  |b HOL  |c QZ  |d 2020-12-15  |l 0  |o RK55 .P34  |p 2020-2248  |r 2020-12-15 00:00:00  |w 2020-12-15  |y BK 
999 |c 279  |d 279